| 000 -LEADER |
| fixed length control field |
00764nam a22001337a 4500 |
| 040 ## - CATALOGING SOURCE |
| Transcribing agency |
RUA |
| 082 ## - DEWEY DECIMAL CLASSIFICATION NUMBER |
| Classification number |
AGR ROM 2021 B1.598 Or. |
| 100 ## - MAIN ENTRY--AUTHOR NAME |
| Personal name |
ROM PHEAKDEY រ៉ុម ភក្តី |
| 245 ## - TITLE STATEMENT |
| Title |
THE INFLUENCE OF BIO-PESTICIDE AND BOTANICAL EXTRACT TO CONTROL INSECT PEST ON CABBAGE. ឥទ្ធិពលនៃថ្នាំជីវសាស្ត្រនិងថ្នាំពុលធម្មជាតិក្នងការគ្រប់គ្រងវត្តមានសត្វល្អិតចង្រៃនៅលើដំណាំស្ពៃក្តោប |
| 260 ## - PUBLICATION, DISTRIBUTION, ETC. (IMPRINT) |
| Place of publication |
Phnom Penh |
| Name of publisher |
RUA |
| Year of publication |
2021 |
| 300 ## - PHYSICAL DESCRIPTION |
| Number of Pages |
IX.37P |
| Other physical details |
VII. |
| Dimensions |
29CM |
| 856 ## - ELECTRONIC LOCATION AND ACCESS |
| Uniform Resource Identifier |
https://drive.google.com/file/d/19kLNuN2v1854Eeh0EUjN21jbn5kZY9Oo/view?usp=sharing |
| 942 ## - ADDED ENTRY ELEMENTS (KOHA) |
| Koha item type |
AGR |
| 952 ## - LOCATION AND ITEM INFORMATION (KOHA) |
| Withdrawn status [LOCAL, KOHA] |
0 |
| 952 ## - LOCATION AND ITEM INFORMATION (KOHA) |
| Withdrawn status [LOCAL, KOHA] |
0 |
| 952 ## - LOCATION AND ITEM INFORMATION (KOHA) |
| Withdrawn status [LOCAL, KOHA] |
0 |
| 952 ## - LOCATION AND ITEM INFORMATION (KOHA) |
| Withdrawn status [LOCAL, KOHA] |
0 |
| 952 ## - LOCATION AND ITEM INFORMATION (KOHA) |
| Withdrawn status [LOCAL, KOHA] |
0 |
| 952 ## - LOCATION AND ITEM INFORMATION (KOHA) |
| Withdrawn status [LOCAL, KOHA] |
0 |